000 00532nam a22001817a 4500
999 _c187847
_d187847
005 20220502123105.0
010 _aENG-132486
020 _a9789381626177
_c490.00
035 _aEN-116018
037 _bDBAD/PUB
082 _a305.4
100 _aSam, Canyon
245 _aSky Train:
_bTibetan Women On the Edge Of History/
_cCanyon Sam
260 _aNew Delhi
_bWestland Ltd
_c2009
270 _a4322/3, Ansari Road, Daryaganj
_bNew Delhi
_e110002
300 _a348p.
_c20cm(pbk)
942 _2ddc
_cEN
_h305.4
_mSAM